Dios y el Estado /

Bibliographic Details
Main Author: Bakunin, Mikhail Aleksandrovich, 1814-1876 (Author)
Other Authors: Agurto Gonzáles, Carlos Antonio (Editor), Quequejana Mamani, Sonia Lidia (Editor), Choque Cuenca, Benigno (Editor), Abad de Santillán, Diego (Translator)
Format: Electronic eBook
Language:Spanish
French
Published: Santiago, Chile : Ediciones Olejnik, [2024]
Series:Biblioteca de filosofía del derecho.
Subjects:
Online Access:Digitalia Hispánica

MARC

LEADER 00000nam a2200000Ii 4500
001 DIGOLEJNK1486
003 NyNyDIG
006 m o d
007 cr |||||||||||
008 250902s2024 cl o 000 0 spa d
035 |a (OCoLC)1535343771 
040 |a DGITA  |b eng  |e rda  |e pn  |c DGITA 
020 |z 9789564075143 
041 1 |a spa  |h fre 
050 1 4 |a HX833 ebook 
100 1 |a Bakunin, Mikhail Aleksandrovich,  |d 1814-1876,  |e author. 
240 1 0 |a Dieu et l'État.  |l Spanish 
245 1 0 |a Dios y el Estado /  |c Mijail Bakunin ; edición al cuidado de Carlos Antonio Agurto Gonzáles, Sonia Lidia Quequejana Mamani, Benigno Choque Cuenca ; traducción, Diego Abad de Santillán. 
264 1 |a Santiago, Chile :  |b Ediciones Olejnik,  |c [2024] 
300 |a 1 online resource. 
336 |a text  |b txt  |2 rdacontent 
337 |a computer  |b c  |2 rdamedia 
338 |a online resource  |b cr  |2 rdacarrier 
347 |a text file  |2 rdaft 
347 |b PDF 
490 1 |a Biblioteca de filosofía del derecho 
588 0 |a Online resource; title from PDF title page (Digitalia, viewed September 2, 2025) 
650 0 |a Anarchism. 
650 0 |a Anarchists. 
650 0 |a Christianity  |v Controversial literature. 
655 7 |a Literature.  |2 lcgft 
700 1 |a Agurto Gonzáles, Carlos Antonio,  |e editor. 
700 1 |a Quequejana Mamani, Sonia Lidia,  |e editor. 
700 1 |a Choque Cuenca, Benigno,  |e editor. 
700 1 |a Abad de Santillán, Diego,  |e translator. 
700 1 |i Translation of:  |a Bakunin, Mikhail Aleksandrovich,  |d 1814-1876.  |t Dieu et l'État. 
791 2 |a Digitalia (Firm),  |e distributor. 
793 0 |g Digitalia eBook Collection:  |a Ediciones Olejnik 
776 0 8 |i Print version:  |a Bakunin, Mikhail Aleksandrovich, 1814-1876.  |s Dieu et l'État. Spanish.  |t Dios y el Estado.  |b Primera edición en Ediciones Olejnik.  |d Santiago, Chile : Ediciones Olejnik, 2024  |z 9789564075143 
830 0 |a Biblioteca de filosofía del derecho. 
856 4 0 |3 Digitalia Hispánica  |u https://www.digitaliapublishing.com/a/158005/ 
910 |a Premium collection: 2025